A text book of electrical technology V.1 : basic electrical engineering in SI system of units (Record no. 197122)

MARC details
000 -LEADER
fixed length control field 00602nam a2200205Ia 4500
003 - CONTROL NUMBER IDENTIFIER
control field OSt
005 - DATE AND TIME OF LATEST TRANSACTION
control field 20250125103930.0
008 - FIXED-LENGTH DATA ELEMENTS--GENERAL INFORMATION
fixed length control field 231217s9999 xx 000 0 und d
020 ## - INTERNATIONAL STANDARD BOOK NUMBER
International Standard Book Number 9788121924405
040 ## - CATALOGING SOURCE
Transcribing agency 0
041 ## - LANGUAGE CODE
Language code of text/sound track or separate title English
082 ## - DEWEY DECIMAL CLASSIFICATION NUMBER
Classification number 621.31 THE.1;57
100 ## - MAIN ENTRY--PERSONAL NAME
Personal name Theraja, B L. Theraja, A K.
245 #2 - TITLE STATEMENT
Title A text book of electrical technology V.1 : basic electrical engineering in SI system of units
260 ## - PUBLICATION, DISTRIBUTION, ETC.
Date of publication, distribution, etc. 2014
Name of publisher, distributor, etc. S. Chand & Co
Place of publication, distribution, etc. New Delhi
300 ## - PHYSICAL DESCRIPTION
Extent xiv, 864+iv
400 ## - SERIES STATEMENT/ADDED ENTRY--PERSONAL NAME [OBSOLETE, CAN/MARC], [LOCAL, USA]
Personal name In SI system of units
650 ## - SUBJECT ADDED ENTRY--TOPICAL TERM
Topical term or geographic name entry element electrical,V.1,basic,electrical,SI
942 ## - ADDED ENTRY ELEMENTS (KOHA)
Koha item type Books
Source of classification or shelving scheme Dewey Decimal Classification
Holdings
Date last seen Total checkouts Full call number Accession number Cost, total (INR) price Price effective from Category Public note Lost status Damaged status Department Withdrawn status Home library Current library Shelving location Entry date Vendor Cost, normal purchase price Grants Billnumber Currency symbol Conversion rate Discount Old discount Date last checked out
26/01/2024   621.31 THE.1;57 90362 516.00 26/01/2024 Books SC-ST, 2115     Central Library   Central Library Central Library Central Library 08/02/2016 Sapna Book House 645.00 SC-ST SBH/CRB/099587 RS 1 129 20  
15/10/2024 1 621.31 THE.1;58 90363 516.00 26/01/2024 Books SC-ST, 2116     Central Library   Central Library Central Library Central Library 08/02/2016 Sapna Book House 645.00 SC-ST SBH/CRB/099587 RS 1 129 20 04/10/2024

© For any Suggestions or Query, please contact the library staff @ librarian@pes.edu or Phone: +9180 2672 1983/ 2108.